| 000 | 01203nam a2200253 a 4500 | ||
|---|---|---|---|
| 001 | 46926 | ||
| 003 | BD-RjUL | ||
| 005 | 20211209054230.0 | ||
| 008 | 160806s2008 bg ||||e |||| 000 0 ben d | ||
| 020 |
_a9840747207 _cTK.150.00 |
||
| 035 | _a(BD-RjUL) 47045 | ||
| 040 |
_aBD-RjUL _bben _cBD-RjUL _dBD-RjUL |
||
| 041 | _aben | ||
| 082 |
_223 _bDUB 2008 _a305.563095492 |
||
| 100 |
_aদত্ত, রমেশচন্দ্র _9120810 |
||
| 245 | 1 | 0 |
_aবাংলার কৃষক / _cমূল রমেশচন্দ্র দত্ত, অনুবাদ ফারহানা আক্তার লিসা এবং সাদাত উল্লাহ খান |
| 260 |
_aঢাকা : _bবাংলা একাডেমী, _c২০০৮ |
||
| 300 |
_a[এগার], ১৬৮ পৃ. ; _c২২ সেমি. |
||
| 650 |
_aকৃষি ও মধবিত্তশ্রেণি _9120824 _zবাংলাদেশ |
||
| 650 |
_aAgricultural Lower Classes _9120825 _zBangladesh |
||
| 700 |
_aলিসা,ফারহানা আক্তার অনুবাদ _9142942 |
||
| 700 |
_aখান, সাদাত উল্লাহ অনুবাদ _9142943 |
||
| 942 |
_2ddc _cBK |
||
| 999 |
_c46926 _d46926 |
||